| 000 | 00394nam a2200169Ia 4500 | ||
|---|---|---|---|
| 008 | 210210b1946 xxu||||| |||| 00| 0 eng d | ||
| 041 | _aeng | ||
| 082 | _a822/1110 | ||
| 100 | _aSITWELL (E) | ||
| 245 | _aFanfare for elizabeth | ||
| 260 |
_aLondon _bMacmillan & Co. Ltd. _c1946 |
||
| 650 | _afor | ||
| 650 | _aFanfare | ||
| 650 | _aelizabeth | ||
| 690 | _aEnglish Prose | ||
| 906 | _a013293 | ||
| 999 |
_c132158 _d132158 |
||